000 00289nam a2200121Ia 4500
005 20251222153552.0
008 251222s9999||||xx |||||||||||||| ||spa||
082 _a657/G86
100 _aGuembes, Luís / Calle, Álvaro
245 0 _aEl precio de coste
264 _bPeruanas
942 _cLIB
999 _c30905
_d30905